000 01479cam a22002895a 4500
001 L160204
008 190219s2019 xxk f 000 0 eng d
020 _a9781783213306
035 _a(Sirsi) u160204
041 0 _aeng
110 2 _aRoyal Institution of Chartered Surveyors
_94900
245 0 0 _aCountering bribery and corruption, money laundering and terrorist financing
_h[electronic resource]
250 _a1st ed
260 _aLondon
_bRICS
_c2019
300 _aiv, 24 p ; 30 cm
490 0 _aRICS professional standards and guidance, global
520 _aSets out mandatory requirements for RICS members and RICS-regulated firms in relation to bribery, corruption, money laundering and terrorist financing. It includes:Mandatory requirements for anti-bribery and corruption and for anti-money laundering and terrorist financing, Guidance setting out supporting good practice regarding each of these area and Supplementary guidance on some key concepts (such as risk, reliance and departures) described in parts 1 and 2.
520 _aEffective from 1 September 2019
590 _aNTK
650 2 4 _aMONEY LAUNDERING
650 2 4 _aCORRUPTION
650 2 4 _aTERRORISM
651 4 _aInternational
690 _aBusiness and management
_96226
856 4 0 _uhttps://www.rics.org/content/dam/ricsglobal/documents/standards/Countering%20bribery_%20corruption_%20money%20laundering%20and%20terrorist%20financing.pdf
_zAvailable free on RICS.org
942 _n0
_2ddc
999 _c116276
_d116276